01015nam a2200229 a 450000100100000000500170001000800410002702000180006804000250008608200200011110000320013124500740016326000370023730000270027450000470030150400280034859000260037695201240040295201180052695201240064499900170076800004704020201002053316.0180412s2016 dr a 000 0 spa d a9789945123593 aDO-SdBNPbspacBNPHU axxxxbR457c, 5o1 aReyes Báez, Yanett97489010aCiencias de la naturaleza 5 :bnivel primario /cYanett Reyes Báez. aSanto Domingo :bSusaeta,c2016. a206 p. :bil ;c29 cm. aEnfoque por competencias nuevo currículo aBibliografía : p. 206 aInventariado, 2018/LP 0011718DSaGRbGRcMId2018-04-12iLF1l0oxxxx R457c, 5op47040-30r2020-06-25te. 3w2020-06-25yLFDSZNo se presta 0010718PDaPDbPDcHDd2018-04-12iLF1l0oxxxx R457c, 5op47040-10r2020-06-25w2020-06-25yLFPDZNo se presta 0010718PDaPDbPDcHDd2018-04-12iLF1l0oxxxx R457c, 5op47040-20r2020-06-25te. 2w2020-06-25yLFPDZNo se presta c46528d46528